<?xml version="1.0" encoding="UTF-8"?>
<marc:record xmlns:marc="http://www.loc.gov/MARC21/slim">
   <marc:leader>00000nam a2200000 a 4500</marc:leader>
   <marc:datafield ind1="1" ind2=" " tag="100">
      <marc:subfield code="a">Baldauf, Christian</marc:subfield>
      <marc:subfield code="4">aut</marc:subfield>
      <marc:subfield code="e">Verfasser/-in</marc:subfield>
   </marc:datafield>
   <marc:datafield ind1=" " ind2=" " tag="653">
      <marc:subfield code="a">Führer</marc:subfield>
   </marc:datafield>
   <marc:datafield ind1="0" ind2="0" tag="245">
      <marc:subfield code="a">Bregenzerwald</marc:subfield>
   </marc:datafield>
   <marc:datafield ind1="0" ind2="0" tag="245">
      <marc:subfield code="b">inklusive Bregenz und einer Wanderroute durch alle Gemeinden des Bregenzerwaldes</marc:subfield>
   </marc:datafield>
   <marc:datafield ind1="0" ind2="0" tag="245">
      <marc:subfield code="c">Christian Baldauf</marc:subfield>
   </marc:datafield>
   <marc:datafield ind1=" " ind2="1" tag="264">
      <marc:subfield code="a">Münster</marc:subfield>
      <marc:subfield code="b">Verl.-Haus Monsenstein und Vannerdat</marc:subfield>
      <marc:subfield code="c">2008</marc:subfield>
   </marc:datafield>
   <marc:datafield ind1="1" ind2=" " tag="490">
      <marc:subfield code="a">Edition Octopus</marc:subfield>
   </marc:datafield>
   <marc:datafield ind1="1" ind2=" " tag="520">
      <marc:subfield code="a">Angaben aus der Verlagsmeldung

Bregenzerwald : inklusive Bregenz und einer Wanderroute durch alle Gemeinden des Bregenzerwaldes / von Christian Baldauf

Nicht umsonst beschäftigt sich die Regionalplanungsgemeinschaft
Bregenzerwald mit ihren 24 Mitgliedsgemeinden schon seit Jahren mit
dem Anliegen, bei der UNESCO den Welterbe-Status für die
Kulturlandschaft Bregenzerwald zu erhalten. Neben der einzigartigen, seit
Jahrhunderten gepflegten Drei-Stufen-Landwirtschaft, die auf
Bewirtschaftung von Weiden im Tal, Vorsäßen und Almen beruht, kann
der Bregenzerwald seine Besucher mit zahlreichen Natur- und
Pflanzenschutzgebieten, grandiosen Aussichtsplätzen, magisch-mystischen
Naturjuwelen, kulturellen Höhepunkten, traditionellen
Bauernhäusern und hervorragenden bäuerlichen Naturprodukten begeistern.
Dies dem Interessierten nahe zu bringen und zu fördern, ist das
Hauptanliegen des Autors, denn bedauerlicherweise setzt sich auch im
Bregenzerwald immer mehr ein naturschädigender Eventtourismus und
ein Dorf- und Landschaftsbild zerstörender Baustil durch.
Da die Besiedlung des Bregenzerwaldes in der Neuzeit von Bregenz aus
stattfand (nomen est omen), hat der Autor die heutige Landeshauptstadt
von Vorarlberg in diesen Reiseführer mit aufgenommen. In Bregenz
beginnt auch ein vom Autor beschriebener Rundwanderweg, der durch
alle Gemeinden des Bregenzerwaldes führt und mittels dessen der Leser
die Schönheit des Tales erleben und erspüren kann. Die Rundtour besteht
aus 43 Abschnitten, welche auch individuell zusammengestellt werden
können.
</marc:subfield>
   </marc:datafield>
   <marc:datafield ind1=" " ind2=" " tag="020">
      <marc:subfield code="a">9783865826886</marc:subfield>
      <marc:subfield code="9">9783865826886</marc:subfield>
   </marc:datafield>
   <marc:datafield ind1=" " ind2=" " tag="041">
      <marc:subfield code="a">ger</marc:subfield>
   </marc:datafield>
   <marc:datafield ind1=" " ind2=" " tag="300">
      <marc:subfield code="a">340 S.</marc:subfield>
   </marc:datafield>
</marc:record>
